[Event "EU-ch Blitz"]
[Site "Katowice"]
[Date "2022.12.16"]
[Round "1"]
[White "Fridman, Daniel"]
[Black "Przerwa, Sebastian"]
[Result "1-0"]
[WhiteElo "2602"]
[BlackElo "1756"]
[PlyCount "87"]
[EventDate "2022.12.16"]
[EventType "swiss (blitz)"]
[EventRounds "22"]
[EventCountry "POL"]
[SourceTitle "CBM 211 Extra"]
[Source "ChessBase"]
[SourceDate "2023.01.31"]
[SourceVersion "1"]
[SourceVersionDate "2023.01.31"]
[SourceQuality "1"]

1. d4 d5 2. Nf3 c6 3. c4 Nf6 4. Qc2 e6 5. g3 Bb4+ 6. Bd2 Qe7 7. Bg2 0-0 8. 0-0 Ne4 9. Bxb4 Qxb4 10. Ne5 f5 11. a3 Qe7 12. Nd2 Nd7 13. Ndf3 Ndf6 14. Nd3 Bd7 15. Nfe5 Rfc8 16. c5 Be8 17. b4 a6 18. a4 Nd7 19. Rfb1 Nxe5 20. Nxe5 Nf6 21. Qc3 Nd7 22. Nd3 Bg6 23. e3 h5 24. h4 Nf6 25. b5 axb5 26. axb5 Ne4 27. Qb2 Qc7 28. Ne5 Be8 29. b6 Qe7 30. Ra7 Nf6 31. Rba1 Qd8 32. Rxb7 Rxa1+ 33. Qxa1 Ra8 34. Ra7 Rb8 35. Qa4 Qc8 36. Rc7 Qd8 37. Nxc6 Bxc6 38. Qxc6 Ra8 39. Qxe6+ Kh8 40. Bf3 Ng4 41. Kg2 Qf8 42. b7 Ra2 43. Rc8 Rxf2+ 44. Kg1 1-0

[Event "EU-ch Blitz"]
[Site "Katowice"]
[Date "2022.12.16"]
[Round "2"]
[White "Przerwa, Sebastian"]
[Black "Fridman, Daniel"]
[Result "0-1"]
[WhiteElo "1756"]
[BlackElo "2602"]
[PlyCount "32"]
[EventDate "2022.12.16"]
[EventType "swiss (blitz)"]
[EventRounds "22"]
[EventCountry "POL"]
[SourceTitle "CBM 211 Extra"]
[Source "ChessBase"]
[SourceDate "2023.01.31"]
[SourceVersion "1"]
[SourceVersionDate "2023.01.31"]
[SourceQuality "1"]

1. e4 c6 2. d4 d5 3. exd5 cxd5 4. c4 Nf6 5. Nc3 Nc6 6. Bg5 Ne4 7. Bf4 Qa5 8. Rc1 e6 9. a3 Nxc3 10. Rxc3 Bxa3 11. Qd2 Bb4 12. Nf3 0-0 13. c5 f6 14. Bd6 Re8 15. Bd3 e5 16. Bc2 exd4+ 0-1

[Event "POL-chT 2nd League"]
[Site "Jastrzebia Gora"]
[Date "2019.09.15"]
[Round "9.17"]
[White "Przerwa, Sebastian"]
[Black "Szatan, Rafal"]
[Result "1/2-1/2"]
[WhiteElo "1757"]
[BlackElo "1930"]
[PlyCount "99"]
[EventDate "2019.09.07"]
[EventType "team-swiss"]
[EventRounds "9"]
[EventCountry "POL"]
[SourceTitle "EXT 2020"]
[Source "ChessBase"]
[SourceDate "2019.10.17"]
[SourceVersion "1"]
[SourceVersionDate "2019.10.17"]
[SourceQuality "1"]
[WhiteTeam "Konin UKS Smecz"]
[BlackTeam "Konin Hetman"]
[WhiteTeamCountry "POL"]
[BlackTeamCountry "POL"]

1. e4 g6 2. d4 Bg7 3. Nf3 c5 4. Nc3 cxd4 5. Nxd4 Nc6 6. Be3 d6 7. Qd2 Nf6 8. f3 Bd7 9. 0-0-0 Rc8 10. g4 Ne5 11. h4 h5 12. g5 Nh7 13. f4 Nc4 14. Bxc4 Rxc4 15. f5 Qa5 16. Qd3 b5 17. Nb3 Qa6 18. f6 exf6 19. Nc5 Qc6 20. Qxd6 Qxd6 21. Rxd6 Bf8 22. Rxd7 Bxc5 23. Rd3 Bxe3+ 24. Rxe3 a6 25. b3 Rc6 26. gxf6 Nxf6 27. Nd5 Ng4 28. Rf3 Ne5 29. Rg3 Kd7 30. Rd1 Ke6 31. Nf4+ Ke7 32. Nd5+ Ke6 33. Nf4+ Kf6 34. Nd5+ Kg7 35. Ne7 Re6 36. Nf5+ Kf6 37. Nd4 Rd6 38. Rf1+ Ke7 39. Ne2 Rc8 40. Nf4 Rd4 41. Re1 Kf8 42. c3 Ng4 43. Rf3 Kg7 44. Kc2 Rd6 45. Rd3 Rxd3 46. Nxd3 f6 47. Nb4 a5 48. Nd5 Ne5 49. Rf1 Rc6 50. a3 1/2-1/2

[Event "POL-chT 2nd League"]
[Site "Jastrzebia Gora"]
[Date "2019.09.14"]
[Round "8.10"]
[White "Szajda, Marcin"]
[Black "Przerwa, Sebastian"]
[Result "1-0"]
[WhiteElo "1904"]
[BlackElo "1757"]
[PlyCount "111"]
[EventDate "2019.09.07"]
[EventType "team-swiss"]
[EventRounds "9"]
[EventCountry "POL"]
[SourceTitle "EXT 2020"]
[Source "ChessBase"]
[SourceDate "2019.10.17"]
[SourceVersion "1"]
[SourceVersionDate "2019.10.17"]
[SourceQuality "1"]
[WhiteTeam "Chroscice Victoria"]
[BlackTeam "Konin UKS Smecz"]
[WhiteTeamCountry "POL"]
[BlackTeamCountry "POL"]

1. e4 e5 2. Nf3 Nc6 3. Bc4 Nf6 4. d3 Bc5 5. c3 d6 6. 0-0 Bb6 7. Nbd2 Ne7 8. d4 Ng6 9. Re1 0-0 10. h3 Bd7 11. Nf1 c6 12. Ng3 Nxe4 13. Nxe4 d5 14. dxe5 dxe4 15. Rxe4 Bf5 16. Qxd8 Raxd8 17. Re1 Rfe8 18. Be3 Nxe5 19. Nxe5 Rxe5 20. Bxb6 Rxe1+ 21. Rxe1 axb6 22. Re7 Bg6 23. Rxb7 b5 24. Bb3 Kf8 25. Rc7 Rd2 26. Rxc6 Rxb2 27. Rb6 Rb1+ 28. Kh2 Rc1 29. Rxb5 Rxc3 30. a4 Be4 31. a5 Rc7 32. a6 Ra7 33. Bc4 Rc7 34. Rb4 Ra7 35. f3 Ba8 36. Kg3 Ke7 37. Kf4 Kd6 38. Bf1 Kc5 39. Rb5+ Kd4 40. Rb8 Bd5 41. h4 h5 42. g4 hxg4 43. fxg4 Re7 44. Rb4+ Kc3 45. Ra4 Re6 46. a7 Ba8 47. Rc4+ Kd2 48. Rc8 Rf6+ 49. Kg3 Be4 50. Bg2 Ra6 51. Bxe4 Rxa7 52. Kf4 Ke2 53. Rb8 Ra6 54. Rb2+ Kf1 55. g5 f6 56. Bd3+ 1-0